000 00316nam a22001337a 4500
008 170612b xxu||||| |||| 00| 0 eng d
020 _a9780595159918
041 _aeng
080 _a32
100 _a19
101 _aSHP
245 _aKENTUCKY DOMAIN POWER GRED AND CORRUPTION
_cELLISON.B
942 _2udc
_cBK
999 _c17019
_d17019